تاريخ الفن عند العرب والمسلمين | L'histoire de l'art chez les Arabes et les Musulmans (notice n° 7328)
[ vue normale ]
| 000 -Label | |
|---|---|
| leader | 02627nam a2200301 4500 |
| 099 ## - Informations locales | |
| Type de document | Livre |
| 100 ## - Données générales de traitement | |
| a | 20250318d u||y0frey5050 ba |
| 101 ## - Langue | |
| langue document | arabe |
| 102 ## - Pays d'édition ou de production | |
| pays d'édition | Syrie |
| 200 ## - Titre | |
| titre propre | تاريخ الفن عند العرب والمسلمين |
| -- | L'histoire de l'art chez les Arabes et les Musulmans |
| type de document | Livre |
| auteur | أنور الرفاعي |
| auteur secondaire | Anwar Al-Rifai |
| 210 ## - Editeur | |
| lieu de publication | دمشق |
| -- | Damas |
| nom de l'éditeur | Dar Al-Fikr (دار الفكر) |
| date de publication | 1977 |
| 215 ## - Description | |
| Importance matérielle | 195p. |
| autres carac. | Couv.Coul. |
| format | 23,5x16,5 |
| 606 ## - sujets | |
| sujet | الفن العربي الإسلامي |
| subdiv. sujet | المدن الإسلامية |
| -- | فن العمران في الإسلام |
| -- | فن العمارة |
| koha internal code | 19406 |
| 606 ## - sujets | |
| sujet | L'art arabo-islamique |
| subdiv. sujet | Les villes islamiques |
| -- | L'art de l'architecture dans l'Islam |
| -- | L'art de l'architecture |
| koha internal code | 19407 |
| 606 ## - sujets | |
| sujet | مدارس فن العمارة الإسلامية |
| subdiv. sujet | المدرسة السورية |
| -- | المدرسة المصرية |
| -- | المدرسة العراقية |
| -- | المدرسة الفارسية |
| -- | المدرسة الهندية |
| -- | مدرسة المغرب والاندلس |
| -- | مدرسة الفن المدجن |
| -- | المدرسة العثمانية |
| koha internal code | 19408 |
| 606 ## - sujets | |
| sujet | Les écoles de l'art de l'architecture islamique |
| subdiv. sujet | L'école syrienne |
| -- | L'école égyptienne |
| -- | L'école irakienne |
| -- | L'école persane |
| -- | L'école indienne |
| -- | L'école maghrébine et andalouse |
| -- | L'école de l'art mudéjar |
| -- | L'école ottomane |
| koha internal code | 19409 |
| 606 ## - sujets | |
| sujet | المساجد وظواهرها المعمارية |
| koha internal code | 19410 |
| 606 ## - sujets | |
| sujet | Les mosquées et leurs phénomènes architecturaux |
| koha internal code | 19411 |
| 606 ## - sujets | |
| sujet | القصور والأبنية الحربية |
| subdiv. sujet | قلعة حلب |
| -- | قلعة الحصن |
| -- | الرباط |
| koha internal code | 19412 |
| 606 ## - sujets | |
| sujet | Les palais et les bâtiments militaires |
| subdiv. sujet | La citadelle d'Alep |
| -- | La citadelle de Krak des Chevaliers |
| -- | Le Ribat |
| koha internal code | 19413 |
| 606 ## - sujets | |
| sujet | الفنون الجميلة |
| subdiv. sujet | الرسم |
| -- | التصوير |
| -- | النقش |
| -- | النحت |
| -- | الكتابة والخط |
| -- | الزخرفة |
| -- | النقش التزييتي |
| -- | الفنون التطبيقية |
| -- | الخزف |
| -- | الزجاجيات |
| -- | السجاد |
| -- | الحفر |
| -- | الفسيفساء |
| -- | الغناء و الموسيقى |
| -- | أثر الموسيقي العربية في أوربا |
| koha internal code | 19414 |
| 606 ## - sujets | |
| sujet | Les beaux-arts |
| subdiv. sujet | La peinture |
| -- | La photographie |
| -- | La gravure |
| -- | La sculpture |
| -- | L'écriture et la calligraphie |
| -- | La décoration |
| -- | La gravure ornementale |
| -- | Les arts appliqués |
| -- | La céramique |
| -- | Les objets en verre |
| -- | Le tapis |
| -- | La gravure |
| -- | La mosaïque |
| -- | Le chant et la musique |
| -- | L'influence de la musique arabe en Europe |
| koha internal code | 19415 |
| 701 ## - coauteur | |
| code de fonction | Auteur |
| nom | Al-Rifai |
| prénom | Anwar |
| koha internal code | 19416 |
| 701 ## - coauteur | |
| code de fonction | Maquettiste |
| nom | Mofti |
| prénom | Ahmed |
| koha internal code | 19417 |
| 801 ## - source de catalogage | |
| pays | TN |
| agence de catalogage | 32BIS |
| date de la transaction | 20250318 |
| règles de catalogage utilisées | UNIMARC |
| 830 ## - note | |
| catalogeur | MS |
| Propriétaire | Dépositaire | Localisation | Code barre | Numéro Inventaire | Cote | Note | Statut |
|---|---|---|---|---|---|---|---|
| The 32bis Library | The 32bis Library | Salle de lecture 32BIS | 005483 | 5412 | 709.174 ALR | Dépôt MAB | Consultable sur place |